World travel market trends : December 2009.
| Format: | Book |
|---|---|
| Published: |
London:
Euromonitor International,
2009.
|
| Series: | Global reports : December 2009
|
| Subjects: |
| LEADER | 00455cam a2200145 7i4500 | ||
|---|---|---|---|
| 001 | 0000024935 | ||
| 005 | 20100728090000.0 | ||
| 090 | 0 | 0 | |a I 338.4791 |b WOR |
| 245 | 0 | 0 | |a World travel market trends : |b December 2009. |
| 260 | 0 | 0 | |a London: |b Euromonitor International, |c 2009. |
| 300 | # | # | |a 67 p. |
| 440 | 0 | 0 | |a Global reports : December 2009 |
| 650 | 0 | 0 | |a Travel -- |x Markets |
| 650 | 0 | 0 | |a Tourism -- |x Markets |
| 999 | |a B000026320 |b Book |c International |e Business Information Centre | ||